000
00334nam a22001457a 4500
008
230208b ||||| |||| 00| 0 eng d
020
_a
9780321533739
041
_a
eng
080
_2
TENTH EDITION
_a
51
082
_a
51EHR
100
_a
20
101
_a
MATE
245
_a
MODERN LABOR ECCONOMICS
_c
EHRENBERG .G.R
942
_2
udc
_c
BK
999
_c
59331
_d
59331